ロード中...

വിപ്ലവപ്പാത

書誌詳細
主要な著者: പി സുന്ദരയ്യ, P Sundarayya
フォーマット: Printed Book
出版事項: Thrissur; Green Books; 2006
版:1st
主題:
LEADER 00654nam a22001817a 4500
082 |a SUN/V P6  |b 920 
100 |a പി സുന്ദരയ്യ  |9 221125 
100 |a P Sundarayya  |9 221129 
240 |a Viplavapatha 
245 |a വിപ്ലവപ്പാത 
250 |a 1st 
260 |a Thrissur;  |b Green Books;  |c 2006 
300 |a 325p. 
650 |a മലയാളം; ആത്മകഥ   |9 221133 
650 |a  Malayalam; Autobiography  |9 221135 
942 |c BK 
999 |c 55838  |d 55838 
952 |0 0  |1 0  |4 0  |6 920_000000000000000_SUN_V_P6  |7 0  |8 Auto Biogr  |9 66704  |a MAL  |b MAL  |d 2016-07-11  |e 49633  |g 145.00  |l 0  |o 920 SUN/V P6  |p MAL049633  |r 2016-07-11  |t 1  |w 2016-07-11  |y BK